[Event "GER OS-245 email"]
[Site "GER email"]
[Date "2014.06.24"]
[Round "?"]
[White "Schatz, Dieter"]
[Black "Wich, Manfred"]
[Result "1-0"]
[WhiteElo "1683"]
[BlackElo "1431"]
[PlyCount "55"]
[EventDate "2014.07.03"]
[EventType "tourn (corr)"]
[EventRounds "6"]
[EventCountry "GER"]
[SourceTitle "Corr 2020"]
[Source "ChessBase"]
[SourceDate "2019.09.30"]
[SourceVersion "1"]
[SourceVersionDate "2019.09.30"]
[SourceQuality "1"]

1. e4 e5 2. Nf3 Nc6 3. Bc4 Bc5 4. c3 Nf6 5. d4 exd4 6. cxd4 Bb4+ 7. Bd2 0-0 8. d5 Bxd2+ 9. Nbxd2 Na5 10. Be2 b6 11. 0-0 Re8 12. b4 Nb7 13. Bd3 d6 14. Qc2 Nh5 15. Ba6 f5 16. exf5 Rf8 17. Nd4 Qf6 18. Ne6 Bxe6 19. dxe6 Qxf5 20. Qxf5 Rxf5 21. Bxb7 Rb8 22. Bc6 Re5 23. Rae1 Rxe1 24. Rxe1 Nf6 25. Ne4 Nxe4 26. Rxe4 a5 27. b5 Rd8 28. e7 1-0

[Event "Rhein Main op-B 17th"]
[Site "Bad Homburg"]
[Date "2014.06.21"]
[Round "5"]
[White "Wich, Manfred"]
[Black "Yukelson, Tamar"]
[Result "0-1"]
[WhiteElo "1576"]
[BlackElo "940"]
[PlyCount "106"]
[EventDate "2014.06.18"]
[EventType "swiss"]
[EventRounds "9"]
[EventCountry "GER"]
[SourceTitle "CBM 161 Extra"]
[Source "ChessBase"]
[SourceDate "2014.08.29"]
[SourceVersion "1"]
[SourceVersionDate "2014.08.29"]
[SourceQuality "1"]

1. d4 d5 2. c4 e6 3. Nf3 Nf6 4. e3 Be7 5. Be2 0-0 6. 0-0 Nbd7 7. Nc3 c5 8. cxd5 exd5 9. Re1 Re8 10. Bb5 a6 11. Ba4 b5 12. Bc2 cxd4 13. exd4 Nf8 14. Ne5 Ng6 15. Nxg6 fxg6 16. h3 Qd6 17. Ne2 Bd8 18. Bf4 Qe7 19. Bg5 Rf8 20. Bb3 Bb7 21. Nf4 Qd6 22. Qf3 Ne4 23. h4 Bxg5 24. hxg5 Qxf4 25. Qxf4 Rxf4 26. f3 Nxg5 27. Re5 h6 28. Bxd5+ Bxd5 29. Rxd5 Rf5 30. Re5 Rd8 31. Rae1 Rxe5 32. dxe5 Kf7 33. f4 Ne6 34. g3 Rd2 35. Rb1 h5 36. a3 Ke7 37. b4 Rd3 38. Kf2 Rxa3 39. Kg2 a5 40. bxa5 Rxa5 41. Kh3 Nc7 42. Kh4 Nd5 43. Kg5 Kf7 44. Rd1 b4 45. Re1 Nc7 46. f5 gxf5 47. Kxf5 Ne6 48. Rb1 Rb5 49. Rb2 b3 50. Ke4 g5 51. Kf5 Rb4 52. Rf2 b2 53. Rxb2 Rxb2 0-1

[Event "GER OS-243 email"]
[Site "GER email"]
[Date "2014.05.15"]
[Round "?"]
[White "Leidner, Matthias"]
[Black "Wich, Manfred"]
[Result "0-1"]
[WhiteElo "1569"]
[BlackElo "1501"]
[PlyCount "54"]
[EventDate "2014.05.26"]
[EventType "tourn (corr)"]
[EventRounds "6"]
[EventCountry "GER"]
[SourceTitle "Corr 2015"]
[Source "ChessBase"]
[SourceDate "2015.07.17"]
[SourceVersion "1"]
[SourceVersionDate "2015.07.17"]
[SourceQuality "1"]

1. e4 e5 2. Nf3 Nc6 3. d4 exd4 4. Nxd4 Bc5 5. Be3 Bxd4 6. Bxd4 Nxd4 7. Qxd4 Qf6 8. Qxf6 Nxf6 9. Nc3 d6 10. Bd3 Be6 11. 0-0 0-0 12. Rad1 a6 13. Rfe1 Nd7 14. f4 Bg4 15. Rd2 Nb6 16. f5 f6 17. h3 Bh5 18. g4 Be8 19. h4 Bf7 20. Rg2 Rae8 21. g5 fxg5 22. Rxg5 Kh8 23. Re2 h6 24. Rg3 Nd7 25. Reg2 Rg8 26. a3 Kh7 27. Ne2 g5 0-1

[Event "GER-ch 2013-E-V8 serv"]
[Site "GER email"]
[Date "2013.11.05"]
[Round "?"]
[White "Wich, Manfred"]
[Black "Klapp, Herwig"]
[Result "0-1"]
[WhiteElo "1576"]
[BlackElo "2137"]
[PlyCount "32"]
[EventDate "2013.11.15"]
[EventType "tourn (corr)"]
[EventRounds "6"]
[EventCountry "GER"]
[SourceTitle "Corr 2015"]
[Source "ChessBase"]
[SourceDate "2015.07.17"]
[SourceVersion "1"]
[SourceVersionDate "2015.07.17"]
[SourceQuality "1"]

1. c4 e5 2. e3 Nf6 3. Nc3 Nc6 4. Nf3 Bb4 5. Qc2 Bxc3 6. Qxc3 Qe7 7. Be2 d5 8. cxd5 Nxd5 9. Qb3 Nb6 10. 0-0 e4 11. Nd4 Nxd4 12. Qd1 Nxe2+ 13. Qxe2 Bd7 14. b3 Qe5 15. Ba3 Bb5 16. Bb2 Qf5 0-1

[Event "GER OS-225 email"]
[Site "GER email"]
[Date "2013.09.17"]
[Round "?"]
[White "Wich, Manfred"]
[Black "Kaupat, Thomas"]
[Result "0-1"]
[WhiteElo "1501"]
[BlackElo "1417"]
[PlyCount "68"]
[EventDate "2013.09.25"]
[EventType "tourn (corr)"]
[EventRounds "6"]
[EventCountry "GER"]
[SourceTitle "Corr 2015"]
[Source "ChessBase"]
[SourceDate "2015.07.17"]
[SourceVersion "1"]
[SourceVersionDate "2015.07.17"]
[SourceQuality "1"]

1. d4 e6 2. c4 f5 3. g3 Nf6 4. Bg5 c6 5. Bg2 d5 6. Qc2 Be7 7. Nf3 0-0 8. 0-0 Nbd7 9. Nbd2 Ng4 10. Bxe7 Qxe7 11. Rac1 e5 12. dxe5 dxc4 13. Qxc4+ Kh8 14. Rfd1 Ngxe5 15. Qh4 Nxf3+ 16. Nxf3 Qxe2 17. Nd4 Qxb2 18. Rc2 Qb4 19. Ne6 Qxh4 20. gxh4 Rg8 21. Rcd2 Nf6 22. Nd8 Re8 23. Nxc6 bxc6 24. Bxc6 Be6 25. Bxe8 Rxe8 26. a4 Bb3 27. Ra1 Rc8 28. a5 Kg8 29. Kg2 Bd5+ 30. f3 Rc3 31. Rb1 Bxf3+ 32. Kf2 Ne4+ 33. Ke1 Nxd2 34. Kxd2 Ra3 0-1

[Event "GER OS-219 email"]
[Site "GER email"]
[Date "2013.06.10"]
[Round "?"]
[White "Leidner, Matthias"]
[Black "Wich, Manfred"]
[Result "0-1"]
[WhiteElo "1694"]
[BlackElo "1614"]
[PlyCount "59"]
[EventDate "2013.06.17"]
[EventType "tourn (corr)"]
[EventRounds "6"]
[EventCountry "GER"]
[SourceTitle "Corr 2015"]
[Source "ChessBase"]
[SourceDate "2015.07.17"]
[SourceVersion "1"]
[SourceVersionDate "2015.07.17"]
[SourceQuality "1"]

1. e4 c5 2. c3 e5 3. Nf3 Nc6 4. Bc4 Nf6 5. d3 Be7 6. Nbd2 0-0 7. 0-0 d6 8. h3 h6 9. Bb3 Na5 10. Bc2 d5 11. Nxe5 Qc7 12. Nef3 Nc6 13. Qe2 Be6 14. Re1 dxe4 15. Nxe4 Rad8 16. Be3 Nxe4 17. dxe4 Rfe8 18. Red1 f6 19. Nh4 Qe5 20. Ng6 Qc7 21. Nxe7+ Nxe7 22. Qh5 b6 23. f4 Bf7 24. Qg4 f5 25. exf5 Nd5 26. Bd2 Nf6 27. Qf3 Bd5 28. Qg3 Re2 29. Kf1 Nh5 30. Qd3 0-1

[Event "GER OS-199 email"]
[Site "GER email"]
[Date "2012.09.10"]
[Round "?"]
[White "Wich, Manfred"]
[Black "Kumpf, Dieter"]
[Result "0-1"]
[WhiteElo "1576"]
[BlackElo "1811"]
[PlyCount "48"]
[EventDate "2012.09.17"]
[EventType "tourn (corr)"]
[EventRounds "6"]
[EventCountry "GER"]
[SourceTitle "Corr 2015"]
[Source "ChessBase"]
[SourceDate "2015.07.17"]
[SourceVersion "1"]
[SourceVersionDate "2015.07.17"]
[SourceQuality "1"]

1. d4 d5 2. c4 e6 3. Nc3 Nf6 4. Nf3 h6 5. e3 a6 6. h3 c5 7. cxd5 exd5 8. Be2 cxd4 9. Nxd4 Bd6 10. 0-0 0-0 11. Bf3 Bc7 12. e4 Qd6 13. g3 dxe4 14. Nxe4 Nxe4 15. Bxe4 Qf6 16. Be3 Bb6 17. Bc2 Rd8 18. Qd3 g6 19. Qc3 Bxd4 20. Bxd4 Qxd4 21. Rad1 Qb6 22. Qb3 Qf6 23. Rxd8+ Qxd8 24. Qxf7+ Kxf7 0-1

[Event "GER HS-114 email"]
[Site "GER email"]
[Date "2011.12.11"]
[Round "?"]
[White "Wich, Manfred"]
[Black "Holec, Michael"]
[Result "0-1"]
[WhiteElo "1687"]
[BlackElo "2048"]
[PlyCount "56"]
[EventDate "2011.12.16"]
[EventType "tourn (corr)"]
[EventRounds "6"]
[EventCountry "GER"]
[SourceTitle "Corr 2015"]
[Source "ChessBase"]
[SourceDate "2015.07.17"]
[SourceVersion "1"]
[SourceVersionDate "2015.07.17"]
[SourceQuality "1"]

1. d4 Nf6 2. c4 g6 3. Nc3 Bg7 4. e4 d6 5. Nf3 0-0 6. Be2 e5 7. 0-0 Nc6 8. d5 Ne7 9. h3 Nd7 10. Be3 f5 11. Ng5 Nf6 12. Qc2 h6 13. Ne6 Bxe6 14. dxe6 f4 15. Bc1 Nc6 16. Qb3 Nd4 17. Qxb7 Rb8 18. Qxa7 Ra8 19. Qb7 Qe7 20. Bg4 Rfb8 21. Nd5 Nxd5 22. cxd5 Rxb7 23. b3 Nxb3 24. Rb1 Rxa2 25. Bd1 Nd2 26. Rxb7 Nxf1 27. Kxf1 Ra1 28. Rb8+ Kh7 0-1

[Event "GER HS-111 email"]
[Site "GER email"]
[Date "2011.10.16"]
[Round "?"]
[White "Jarecki, Marian"]
[Black "Wich, Manfred"]
[Result "1-0"]
[WhiteElo "1840"]
[BlackElo "1704"]
[PlyCount "77"]
[EventDate "2011.10.24"]
[EventType "tourn (corr)"]
[EventRounds "6"]
[EventCountry "GER"]
[SourceTitle "Corr 2015"]
[Source "ChessBase"]
[SourceDate "2015.07.17"]
[SourceVersion "1"]
[SourceVersionDate "2015.07.17"]
[SourceQuality "1"]
[WhiteTeam "Germany"]
[BlackTeam "Germany"]
[WhiteTeamCountry "GER"]
[BlackTeamCountry "GER"]

1. d4 Nf6 2. Nc3 e6 3. e4 d5 4. Bg5 Be7 5. e5 Nfd7 6. Bxe7 Qxe7 7. Nf3 0-0 8. Bd3 c5 9. dxc5 Nxc5 10. 0-0 Nc6 11. Qd2 a6 12. Qe3 Nxd3 13. cxd3 Qb4 14. a3 Qb3 15. Rab1 h6 16. Rfc1 f6 17. exf6 Rxf6 18. Nd2 d4 19. Qg3 Qb6 20. Nc4 Qd8 21. Ne4 Rf8 22. Rc2 Re8 23. Ncd6 Rf8 24. Rf1 e5 25. b4 Rb8 26. Rfc1 Qe7 27. a4 Nxb4 28. Nxc8 Rbxc8 29. Rxc8 Nc6 30. Rxf8+ Kxf8 31. Qf3+ Qf7 32. Qxf7+ Kxf7 33. Nd6+ Ke6 34. Nxb7 Nb4 35. a5 Nxd3 36. Rc6+ Kd7 37. Rxa6 Nb4 38. Nc5+ Kc7 39. Rg6 1-0

[Event "GER HS-111 email"]
[Site "GER email"]
[Date "2011.10.16"]
[Round "?"]
[White "Schatz, Dieter"]
[Black "Wich, Manfred"]
[Result "1-0"]
[WhiteElo "1927"]
[BlackElo "1704"]
[PlyCount "61"]
[EventDate "2011.10.24"]
[EventType "tourn (corr)"]
[EventRounds "6"]
[EventCountry "GER"]
[SourceTitle "Corr 2015"]
[Source "ChessBase"]
[SourceDate "2015.07.17"]
[SourceVersion "1"]
[SourceVersionDate "2015.07.17"]
[SourceQuality "1"]
[WhiteTeam "Germany"]
[BlackTeam "Germany"]
[WhiteTeamCountry "GER"]
[BlackTeamCountry "GER"]

1. e4 c5 2. Nf3 d6 3. Bb5+ Bd7 4. Bxd7+ Nxd7 5. c4 Ngf6 6. Nc3 e6 7. 0-0 a6 8. d3 Be7 9. Ng5 h6 10. Nh3 0-0 11. f4 Rb8 12. a4 Qc7 13. g4 Rbe8 14. Nf2 Nb8 15. Qf3 Nc6 16. Be3 Nd7 17. Qg3 Nd4 18. Bxd4 cxd4 19. Ne2 e5 20. f5 Bg5 21. h4 Be3 22. Kg2 Qa5 23. Qf3 Rc8 24. g5 hxg5 25. hxg5 Bxg5 26. Rad1 Qxa4 27. Qh5 f6 28. Rh1 Bh6 29. Qg6 Rf7 30. Rxh6 Nf8 31. Qg3 1-0

[Event "GER HS-109 email"]
[Site "GER email"]
[Date "2011.09.05"]
[Round "?"]
[White "Eife, Gunter"]
[Black "Wich, Manfred"]
[Result "0-1"]
[WhiteElo "1792"]
[BlackElo "1704"]
[PlyCount "35"]
[EventDate "2011.09.09"]
[EventType "tourn (corr)"]
[EventRounds "6"]
[EventCountry "GER"]
[SourceTitle "Corr 2015"]
[Source "ChessBase"]
[SourceDate "2015.07.17"]
[SourceVersion "1"]
[SourceVersionDate "2015.07.17"]
[SourceQuality "1"]
[WhiteTeam "Germany"]
[BlackTeam "Germany"]
[WhiteTeamCountry "GER"]
[BlackTeamCountry "GER"]

1. d4 Nf6 2. c4 e6 3. Nc3 Bb4 4. e3 0-0 5. Bd3 Bxc3+ 6. bxc3 Nc6 7. Nf3 Re8 8. 0-0 e5 9. Nd2 Qe7 10. Re1 exd4 11. cxd4 Nxd4 12. Bb2 Nc6 13. Rc1 b6 14. Qf3 Bb7 15. Bc2 Rab8 16. Qh3 h6 17. Nf3 d6 18. Nh4 0-1

[Event "GER HS-109 email"]
[Site "GER email"]
[Date "2011.09.05"]
[Round "?"]
[White "Wich, Manfred"]
[Black "Even, Roland"]
[Result "0-1"]
[WhiteElo "1704"]
[BlackElo "2123"]
[PlyCount "88"]
[EventDate "2011.09.09"]
[EventType "tourn (corr)"]
[EventRounds "6"]
[EventCountry "GER"]
[SourceTitle "Corr 2015"]
[Source "ChessBase"]
[SourceDate "2015.07.17"]
[SourceVersion "1"]
[SourceVersionDate "2015.07.17"]
[SourceQuality "1"]
[WhiteTeam "Germany"]
[BlackTeam "Germany"]
[WhiteTeamCountry "GER"]
[BlackTeamCountry "GER"]

1. d4 Nf6 2. c4 e6 3. Nf3 d5 4. Nc3 Bb4 5. e3 0-0 6. Bd3 c5 7. 0-0 cxd4 8. exd4 dxc4 9. Bxc4 Nbd7 10. Qb3 Be7 11. h3 a6 12. a4 b6 13. Rd1 Bb7 14. Ne5 Qc7 15. Bf4 Nh5 16. Nxd7 Nxf4 17. Nxf8 Rxf8 18. Rac1 Bxg2 19. Ne2 Ba8 20. Bxa6 Qb8 21. Qe3 Nd5 22. Qb3 Nb4 23. Bb5 Qb7 24. d5 Bc5 25. a5 Nxd5 26. a6 Qe7 27. Qg3 Bd6 28. Qg4 h5 29. Qxh5 Qf6 30. Ng3 Nf4 31. Qg4 Bc5 32. Rxc5 bxc5 33. Bc4 g6 34. a7 Kg7 35. Bf1 Rh8 36. Rd7 c4 37. Qd1 Nxh3+ 38. Bxh3 Rxh3 39. Rd6 Rh4 40. Qd2 Kh7 41. Kf1 Bf3 42. a8Q Bxa8 43. f4 Rxf4+ 44. Qxf4 Qxf4+ 0-1

[Event "GER-ch65 V07 email"]
[Site "GER email"]
[Date "2011.08.04"]
[Round "?"]
[White "Schumacher, Horst"]
[Black "Wich, Manfred"]
[Result "1-0"]
[WhiteElo "2058"]
[BlackElo "1665"]
[PlyCount "109"]
[EventDate "2011.08.08"]
[EventType "tourn (corr)"]
[EventRounds "6"]
[EventCountry "GER"]
[SourceTitle "Corr 2015"]
[Source "ChessBase"]
[SourceDate "2015.07.17"]
[SourceVersion "1"]
[SourceVersionDate "2015.07.17"]
[SourceQuality "1"]
[WhiteTeam "Germany"]
[BlackTeam "Germany"]
[WhiteTeamCountry "GER"]
[BlackTeamCountry "GER"]

1. e4 c5 2. d4 cxd4 3. c3 dxc3 4. Nxc3 Nc6 5. Nf3 d6 6. Bc4 e6 7. 0-0 h6 8. Qe2 a6 9. Rd1 b5 10. Bb3 Nge7 11. Bf4 Ng6 12. Bxd6 Bxd6 13. e5 Ncxe5 14. Nxe5 Nxe5 15. Ne4 0-0 16. Nxd6 Qf6 17. Rac1 Rb8 18. Rc7 a5 19. h4 Ba6 20. Qe4 g6 21. Ra7 Rb6 22. Qe3 Rc6 23. Ne4 Qf5 24. f3 Kg7 25. Nd6 Qf6 26. f4 Ng4 27. Qg3 Qd8 28. Rxf7+ Rxf7 29. Nf5+ exf5 30. Rxd8 Re7 31. h5 gxh5 32. Qh4 Rc1+ 33. Rd1 Rcc7 34. Re1 Rxe1+ 35. Qxe1 Bb7 36. Qd1 a4 37. Bc2 Be4 38. Bxe4 fxe4 39. Qd4+ Kf7 40. Kf1 Rc1+ 41. Ke2 Rc2+ 42. Ke1 e3 43. Qd5+ Kf6 44. Qxh5 Rxg2 45. a3 e2 46. Kd2 Kg7 47. Qxb5 Rg3 48. Qxa4 Re3 49. Qd7+ Kf6 50. Ke1 Re6 51. b4 h5 52. b5 h4 53. Qd4+ Ke7 54. Qg7+ Kd6 55. Qxg4 1-0